000 00517nam a2200205Ia 4500
008 210210b2009 xxu||||| |||| 00| 0 eng d
020 _a9788173716137
041 _aeng
082 _a515.42 ATHM
100 _aATHREYA (S R)
245 _aMeasure and probability
260 _aHyderabad
_bUniversities Press (India) Private Limited
_c2009
300 _ax,221
650 _aprobability
650 _aMeasure
650 _aand
690 _aMathematical Analysis
700 _aSUNDER (V S)
906 _a064775
999 _c141724
_d141724